000 01113nam a2200301 4500
001 0000019630
003 CO-CtgCURN
005 20250516154221.0
007 ta
008 160627s2005 000 0 eng d
020 _a9586907406
040 _aCO-CtgCURN
_bspa
_ccoctgcurn
082 0 _a347.7
_bL31c
100 1 _aLeal Pérez, Hildebrando.
245 1 0 _aCódigo de comercio :
_bcompilado, concordado y anotado /
_cHildebrando Leal Pérez.
250 _a21a ed.
260 _aBogotá :
_bLeyer,
_c2005.
300 _a917 p.
336 _2rdacontent
337 _2rdamedia
_asin mediacion
_bn
338 _2rdacarrier
_avolumen
_bnc
505 8 _aDe los comerciantes y de los asuntos de comercio.--De las sociedades comerciales.--De los bienes mercantiles.--De los contratos y obligaciones mercantiles.--De la navegacion.--Procedimientos
650 1 4 _aDerecho comercial
_vLegislacion
_zColombia.
908 _a160627
942 _cBK
_h347.7
_iL31c
_2ddc
_n0
999 _c20511
_d20511